000 00953nam a22003137a 4500
003 CHAP
005 20220329140949.0
008 971013s1984 r 00010 d
010 _a60547
011 _a61519
035 _a65685
040 _cCHAP
082 _a920
_bP6Y 1984
100 0 0 _aPolzer, Charles W.
_990742
245 _aEusebio Kino padre de la Pimería Alta
250 _a2 ed.
260 _aHermosillo, Son. :
_bGobierno del Estado,
_c1984
300 _a153 p.
_b: ilus. ; mapas
590 _aBATCH-UPD
_b10
_c20130110
_lUCH01
_h0526
590 _aBATCH-UPD
_b10
_c20130110
_lUCH01
_h2343
590 _aBATCH-UPD
_b10
_c20130410
_lUCH01
_h0206
590 _aBATCH-UPD
_b10
_c20130914
_lUCH01
_h0630
590 _aCONVERSION
_b10
_c20130109
_lUCH01
_h1333
650 1 4 _aBiografía.
_912746
650 1 4 _aKino, Eusebio.
_963315
901 _aBK
942 _cLIBRO
949 _a920 P6Y 1984
_bBC
_cLIBRO
_d33724000889127
_eLIBRO
_h63197
_i65685
_si
999 _c60547
_d60547